00406nam a2200121Ia 4500001000800000005001700008008004100025020001800066245007100084260001900155999002100174952008900195127226420260417151425.0260417s9999 xx 000 0 und d a9786256495111 0aŞahin Bey ve Gönlübollar’ın ZafericBüşra Şen Altun bKetebe Çocuk c1272264d1272264 00104070a1109b1109d2026-04-17l0p11092212r2026-04-17 15:14:25w2026-04-17yBK